Catálogo

Propuesta y experiencias para desarrollar un Sistema Nacional de Indicadores Educativos / (Registro nro. 40104)

Detalles MARC
000 -LEADER
fixed length control field 01390cam a2200337 i 4500
001 - CONTROL NUMBER
control field 40104
003 - CONTROL NUMBER IDENTIFIER
control field Mx-PuUPA
005 - DATE AND TIME OF LATEST TRANSACTION
control field 20221207084310.0
008 - FIXED-LENGTH DATA ELEMENTS--GENERAL INFORMATION
fixed length control field 140415s2007 mx a r 000 0 spa|d
020 ## - INTERNATIONAL STANDARD BOOK NUMBER
International Standard Book Number 9789685924283
040 ## - CATALOGING SOURCE
Original cataloging agency Mx-PuUPA
Language of cataloging spa
Transcribing agency Mx-PuUPA
Modifying agency Mx-PuUPA
Description conventions rda
041 0# - LANGUAGE CODE
Language code of text/sound track or separate title spa
100 1# - MAIN ENTRY--PERSONAL NAME
Personal name Martínez Rizo, Felipe,
Relator term autor
9 (RLIN) 10150
245 10 - TITLE STATEMENT
Title Propuesta y experiencias para desarrollar un Sistema Nacional de Indicadores Educativos /
Statement of responsibility, etc. Felipe Martínez Rizo [y otros cuatro] ; coordinación editorial, Miguel Á. Aguilar R., Teresa Ramírez Vadillo
250 ## - EDITION STATEMENT
Edition statement Primera edición
264 #1 - PRODUCTION, PUBLICATION, DISTRIBUTION, MANUFACTURE, AND COPYRIGHT NOTICE
Place of production, publication, distribution, manufacture México, D.F. :
Name of producer, publisher, distributor, manufacturer Instituto Nacional para la Evaluación de la Educación,
Date of production, publication, distribution, manufacture, or copyright notice 2007
300 ## - PHYSICAL DESCRIPTION
Extent 280 páginas :
Other physical details ilustraciones ;
Dimensions 27 cm. +
Accompanying material 1 disco de computadora (4 3/4 pulg.)
336 ## - CONTENT TYPE
Fuente rdacontent
Content type term texto
Content type code txt
337 ## - MEDIA TYPE
Source rdamedia
Media type term sin medio
Media type code n
337 ## - MEDIA TYPE
Source rdamedia
Media type term computadora
Media type code c
338 ## - CARRIER TYPE
Source rdacarrier
Carrier type term volumen
Carrier type code nc
338 ## - CARRIER TYPE
Source rdacarrier
Carrier type term disco compacto
Carrier type code cd
650 #4 - SUBJECT ADDED ENTRY--TOPICAL TERM
Topical term or geographic name entry element Indicadores educativos
Geographic subdivision México
650 #4 - SUBJECT ADDED ENTRY--TOPICAL TERM
Topical term or geographic name entry element Mediciones y pruebas educativas
Geographic subdivision México
700 1# - ADDED ENTRY--PERSONAL NAME
Personal name Aguilar R., Miguel Á.,
Relator term coordinador
700 1# - ADDED ENTRY--PERSONAL NAME
Personal name Ramírez Vadillo, Teresa,
Relator term coordinador
942 ## - ADDED ENTRY ELEMENTS (KOHA)
Source of classification or shelving scheme Dewey Decimal Classification
Koha item type Libro
Classification part 371.2620972
Item part M298
Existencias
Withdrawn status Lost status Source of classification or shelving scheme Damaged status Not for loan Collection code Home library Current library Shelving location Date acquired Source of acquisition Total Checkouts Full call number Barcode Date last seen Price effective from Koha item type
    Dewey Decimal Classification     General Biblioteca Karol Wojtyla Biblioteca Karol Wojtyla Sala general 22/10/2019 Donación   371.2620972 M298 2007 60197 06/04/2026 03/12/2013 Libro
    Dewey Decimal Classification     Audiovisual Biblioteca Karol Wojtyla Biblioteca Karol Wojtyla Módulo de circulación 22/10/2019 Donación   371.2620972 M298 2007 700440 22/10/2019 22/10/2019 Cd-Rom